[Event "Amantea op-B 9th"]
[Site "Amantea"]
[Date "2011.09.06"]
[Round "3"]
[White "Anselmi, Beatrice"]
[Black "Barca, Lorenzo"]
[Result "1/2-1/2"]
[WhiteElo "1734"]
[BlackElo "1608"]
[PlyCount "85"]
[EventDate "2011.09.04"]
[EventType "swiss"]
[EventRounds "8"]
[EventCountry "ITA"]
[SourceTitle "EXT 2014"]
[Source "ChessBase"]
[SourceDate "2013.11.20"]
[SourceVersion "1"]
[SourceVersionDate "2013.11.20"]
[SourceQuality "1"]

1. e4 d6 2. d4 Nf6 3. Nc3 g6 4. Nf3 Bg7 5. h3 0-0 6. Be3 Nc6 7. Bc4 e5 8. 0-0 h6 9. d5 Ne7 10. Qd2 Kh7 11. Qc1 Nd7 12. Nh2 g5 13. Ng4 Ng6 14. Ne2 Nf6 15. Nxf6+ Bxf6 16. Ng3 Nf4 17. Qd1 Rg8 18. Be2 Bd7 19. Bg4 Bxg4 20. Qxg4 Qc8 21. Nf5 h5 22. Qd1 g4 23. Bxf4 exf4 24. Kh1 Rg5 25. h4 Rg6 26. Qd2 Be5 27. Ne7 Qd8 28. Nxg6 fxg6 29. g3 g5 30. Qd3 gxh4 31. gxf4 Bxf4 32. e5+ Kh6 33. exd6 Qxd6 34. Rae1 Be5 35. Qe3+ Bf4 36. Qd4 Kg5 37. Qg7+ Qg6 38. Qe7+ Qf6 39. Qxf6+ Kxf6 40. Re4 Bd6 41. Rfe1 Rg8 42. Re6+ Kf5 43. c4 1/2-1/2

[Event "Amantea op-B 8th"]
[Site "Amantea"]
[Date "2010.09.03"]
[Round "6"]
[White "Paragliola, Gennaro"]
[Black "Barca, Lorenzo"]
[Result "0-1"]
[WhiteElo "1598"]
[BlackElo "1524"]
[PlyCount "66"]
[EventDate "2010.08.29"]
[EventType "swiss"]
[EventRounds "9"]
[EventCountry "ITA"]
[SourceTitle "CBM 138 Extra"]
[Source "ChessBase"]
[SourceDate "2010.10.29"]
[SourceVersion "1"]
[SourceVersionDate "2010.10.29"]
[SourceQuality "1"]

1. d4 d5 2. c4 c6 3. cxd5 cxd5 4. Nc3 Nc6 5. Nf3 Nf6 6. Bg5 e6 7. e3 Bb4 8. Rc1 h6 9. Bh4 0-0 10. Bd3 Re8 11. 0-0 a6 12. Bb1 Bd7 13. Qc2 Rc8 14. Ne5 Bd6 15. Nxd7 Qxd7 16. Bxf6 gxf6 17. Qh7+ Kf8 18. Qxh6+ Ke7 19. f4 Rh8 20. Bh7 Rcg8 21. Rf3 Rg6 22. Qh4 Rg7 23. Rh3 Rgxh7 24. Qxh7 Rxh7 25. Rxh7 Bb4 26. g4 e5 27. dxe5 fxe5 28. f5 Bxc3 29. Rxc3 d4 30. Rd3 e4 31. Rd2 d3 32. h4 Ne5 33. Rg7 Nf3+ 0-1

[Event "Amantea op-B 8th"]
[Site "Amantea"]
[Date "2010.08.29"]
[Round "1"]
[White "Barca, Lorenzo"]
[Black "Carlomagno, Vincenzo"]
[Result "1-0"]
[WhiteElo "1524"]
[BlackElo "1851"]
[PlyCount "57"]
[EventDate "2010.08.29"]
[EventType "swiss"]
[EventRounds "9"]
[EventCountry "ITA"]
[SourceTitle "CBM 138 Extra"]
[Source "ChessBase"]
[SourceDate "2010.10.29"]
[SourceVersion "1"]
[SourceVersionDate "2010.10.29"]
[SourceQuality "1"]

1. e4 c5 2. Nf3 d6 3. d4 cxd4 4. Nxd4 Nf6 5. Nc3 a6 6. f4 e6 7. e5 dxe5 8. fxe5 Nd5 9. Nf3 Bb4 10. a3 Bxc3+ 11. bxc3 Nxc3 12. Qxd8+ Kxd8 13. Bg5+ Kc7 14. Be7 Nc6 15. Bd6+ Kd7 16. Bd3 h6 17. 0-0 b6 18. Nd2 f5 19. Nc4 Nd5 20. Nd2 Nc7 21. a4 Ne8 22. Nc4 Ra7 23. Nxb6+ Kd8 24. Bc5 Kc7 25. Bc4 Bb7 26. Rad1 Nd8 27. Rd7+ Kc6 28. Bf2 Nc7 29. Rd6# 1-0